- DeSilva, David Arthur
Entrada Autor personal
Número de registros utilizados en: 1
001 - NUMERO DE CONTROL
- Campo de control: 518
003 - IDENTIFICADOR DE NUMERO DE CONTROL
- Campo de control: CO-MdFUSB
005 - HORA Y FECHA DE LA ULTIMA TRANSACCIÓN
- Campo de control: 20161011124859.0
008 - CAMPO DE LONGITUD FIJA
- Campo fijo de descripción fija: 951010n| azannaabn a aaa
040 ## - AGENCIA DE CATALOGACIÓN ORIGINAL
- Agencia de catalogación original: DLC
- Lenguaje de catalogación: eng
- Agencia que hace la transcripción: CO-MdFUSB
- Descripción de convenciones: rda
100 1# - AUTOR PERSONAL
- Autor personal: DeSilva, David Arthur
400 1# - REFERENCIA DE ENVIO “VEASE” - NOMBRE PERSONAL
- Autor personal: De Silva, David Arthur
670 ## - FUENTE EN LA QUE SE LOCALIZARON DATOS
- Fuente: Despising shame, 1996:
- Fuente de información: CIP t.p. (David deSilva) bk. t.p. (David Arthur deSilva)
670 ## - FUENTE EN LA QUE SE LOCALIZARON DATOS
- Fuente: Phone call to publisher, 10-10-95:
- Fuente de información: (middle initial A.; author requests no space between de and Silva)
670 ## - FUENTE EN LA QUE SE LOCALIZARON DATOS
- Fuente: The credentials of an apostle, 1998:
- Fuente de información: CIP t.p. (David A. deSilva) data sheet (b. 04-15-1967)
670 ## - FUENTE EN LA QUE SE LOCALIZARON DATOS
- Fuente: James and Jude, 2012
- Fuente de información: CIP t.p. (David A. deSilva) data view (b. 1967)
670 ## - FUENTE EN LA QUE SE LOCALIZARON DATOS
- Fuente: Day of atonement, 2015:
- Fuente de información: ECIP t.p. (David deSilva)
670 ## - FUENTE EN LA QUE SE LOCALIZARON DATOS
- Fuente: Amazon.com, viewed on 01-09-2015:
- Fuente de información: (David A. deSilva is Trustees' Distinguished Professor of New Testament and Greek at Ashland Theological Seminary. He is the author of several books, including Unholy Allegiances: Heeding Revelation's Warning, Introducing the Apocrypha, and Honor, Patronage, Kinship & Purity: Unlocking New Testament Culture)
